Biblioteca y Centro de Documentación

Instrumentos innovadores en la política de atracción de inversión extranjera directa. Referencia al caso español (Registro nro. 49716)

Detalles MARC
000 -CABECERA
Longitud fija campo de control 01314naa a2200337 c 4500
001 - NÚMERO DE CONTROL
Número de control 49716
003 - IDENTIFICADOR DE NÚMERO DE CONTROL
Identificador del número de control ES-MaCES
005 - FECHA Y HORA DE LA ÚLTIMA TRANSACCIÓN
Fecha y hora de la última transacción 20170714130841.0
008 - CAMPO FIJO DE DESCRIPCIÓN FIJA--INFORMACIÓN GENERAL
Códigos de información de longitud fija   170714s2017 sp ||||| t||||||| ||spa d
040 ## - FUENTE DE CATALOGACIÓN
Centro catalogador de origen ES-MaCES
Lengua de catalogación spa
Centro transcriptor ES-MaCES
Centro modificado ES-MaCES
100 ## - ENCABEZAMIENTO PRINCIPAL--NOMBRE PERSONAL
9 (RLIN) 38403
Nombre de persona Arias Urones, Ana
245 10 - MENCIÓN DE TÍTULO
Título Instrumentos innovadores en la política de atracción de inversión extranjera directa. Referencia al caso español
Mención de responsabilidad, etc. Ana Arias Urones, Marian Scheifler Alácano
504 ## - NOTA DE BIBLIOGRAFÍA, ETC.
Nota de bibliografía, etc. Bibliografía: p. 804-805
650 #4 - ASIENTO SECUNDARIO DE MATERIA--TÉRMINO DE MATERIA
9 (RLIN) 28143
Término de materia o nombre geográfico como elemento inicial política de inversiones
650 #4 - ASIENTO SECUNDARIO DE MATERIA--TÉRMINO DE MATERIA
9 (RLIN) 28175
Término de materia o nombre geográfico como elemento inicial inversiones extranjeras
650 #4 - ASIENTO SECUNDARIO DE MATERIA--TÉRMINO DE MATERIA
9 (RLIN) 27142
Término de materia o nombre geográfico como elemento inicial empresa multinacional
650 #4 - ASIENTO SECUNDARIO DE MATERIA--TÉRMINO DE MATERIA
9 (RLIN) 27093
Término de materia o nombre geográfico como elemento inicial desarrollo económico
650 #4 - ASIENTO SECUNDARIO DE MATERIA--TÉRMINO DE MATERIA
9 (RLIN) 30732
Término de materia o nombre geográfico como elemento inicial evaluación del impacto
650 #4 - ASIENTO SECUNDARIO DE MATERIA--TÉRMINO DE MATERIA
9 (RLIN) 28846
Término de materia o nombre geográfico como elemento inicial estudio de casos
650 #4 - ASIENTO SECUNDARIO DE MATERIA--TÉRMINO DE MATERIA
9 (RLIN) 26884
Término de materia o nombre geográfico como elemento inicial México
650 #4 - ASIENTO SECUNDARIO DE MATERIA--TÉRMINO DE MATERIA
9 (RLIN) 26857
Término de materia o nombre geográfico como elemento inicial Brasil
650 #4 - ASIENTO SECUNDARIO DE MATERIA--TÉRMINO DE MATERIA
9 (RLIN) 26864
Término de materia o nombre geográfico como elemento inicial Chile
650 #4 - ASIENTO SECUNDARIO DE MATERIA--TÉRMINO DE MATERIA
9 (RLIN) 26967
Término de materia o nombre geográfico como elemento inicial Reino Unido
650 #4 - ASIENTO SECUNDARIO DE MATERIA--TÉRMINO DE MATERIA
9 (RLIN) 30495
Término de materia o nombre geográfico como elemento inicial República Checa
650 #4 - ASIENTO SECUNDARIO DE MATERIA--TÉRMINO DE MATERIA
9 (RLIN) 26964
Término de materia o nombre geográfico como elemento inicial España
653 10 - TÉRMINO DE INDEXACIÓN--NO CONTROLADO
Término no controlado Financiación
700 ## - ENCABEZAMIENTO SECUNDARIO--NOMBRE PERSONAL
9 (RLIN) 38404
Nombre de persona Scheifler Alácano, Marian
773 0# - ENTRADA DE DOCUMENTO FUENTE
Itemnumber del ítem fuente 86231
Edición 1ª ed
Lugar, editor y fecha de publicación Cizur Menor (Navarra) Civitas-Thomson Reuters 2017
Otro identificador del documento 089128
Título Política económica, economía regional y servicios
Número de control del registro relacionado (ES-MaCES)49528
Número Internacional Normalizado para Libros (ISBN) 9788491526452
Parte(s) relacionada(s) p.789-805 . - SG-0.0.-631
902 ## - CES. TIPO DE DOCUMENTO
Tipodoc (006$c Sirtex) ARL Artículo de libro
942 ## - ELEMENTOS KOHA
Fuente de clasificaión o esquema Clasificación propia del CES
Koha [por defecto] tipo de item Artículos (1982-2017)
Parte de clasificación Economía

No hay ítems disponibles.

© CES, Consejo Económico y Social de España 2021